000 00523nam a2200133Ia 4500
008 220620s9999||||xx |||||||||||||| ||und||
022 _a19158378
100 _aEdited by Raphael Foshay
245 4 _aThe Digital Nexus: Identity, Agency, and Political Engagement
_bhttp://www.aupress.ca/index.php/books/120253
546 _aEnglish[eng]
650 _acommunications||digital theory||media theory||cultural studies||sociology||digital cultural studies
856 _uhttp://www.aupress.ca/index.php/books/120253
942 _cEB
999 _c30266
_d30266